Ley sobre regulación de emolumentos de los Funcionarios de Administración Local : Defensa del dictamen : Texto del discurso... / por Joaquín Buxó de Abaigar... Defensa del dictamen :
Descripción Física:
32 p. ; 24 cm
MARC
| LEADER | 00000nam a2200000Ia 4500 | ||
|---|---|---|---|
| 001 | 1806 | ||
| 008 | 160829s9999 xx 000 0 cat d | ||
| 080 | |a FU-5-4 | ||
| 110 | 1 | |a Barcelona (Catalunya : Província). |b President (1949-1967 : Buxó de Abaigar) |9 54218 | |
| 245 | |a Ley sobre regulación de emolumentos de los Funcionarios de Administración Local : |b Defensa del dictamen : |b Texto del discurso... / por Joaquín Buxó de Abaigar... | ||
| 260 | |a Barcelona : |b Diputación de Barcelona. Sección de Prensa, dl 1963 | ||
| 300 | |a 32 p. ; |c 24 cm | ||
| 650 | |a Barcelona. Diputació |x Presidents |x Discursos |9 23126 | ||
| 650 | |a Funcionaris i empleats locals |x Salaris, etc. |x Dret i legislació |9 23127 | ||
| 710 | 1 | |a Barcelona (Catalunya : Província). |b Diputació |9 52408 | |
| 901 | |a Arxiu | ||
| 942 | |n 1 |2 udc | ||
| 952 | |0 0 |1 0 |4 0 |6 FU54 |7 1 |9 42545 |a Arxiu |b Arxiu |d 2016-12-01 |l 0 |o FU-5-4 |p 1806 |r 2016-12-01 00:00:00 |w 2016-12-01 |y ARXIU | ||
| 999 | |c 45050 |d 45050 | ||